El aborto: perspectivas filosófica, jurídica y médica.

محفوظ في:
التفاصيل البيبلوغرافية
المؤلف الرئيسي: Aguirrezabal Grunstein, Maite
مؤلفون آخرون: Bertelsen Simonetti, Soledad
التنسيق: كتاب
اللغة:الإسبانية
منشور في: Santiago, Chile Universidad de los Andes. Facultad de Derecho 2015
سلاسل:Cuadernos de Extensión Jurídica. 27
الموضوعات:
الوسوم: إضافة وسم
لا توجد وسوم, كن أول من يضع وسما على هذه التسجيلة!

MARC

LEADER 00000cam a2200000 a 4500
001 UCD3616
003 CL-VaPUC
005 20240820104832.0
008 160609e20150000cl |||||||||||||||||spa|d
999 |c 364652  |d 364650 
020 |a 9789567160914 
040 |c Pontificia Universidad Católica de Valparaíso 
082 0 4 |a 364.185 AGU 2015  |2 21 
100 |a Aguirrezabal Grunstein, Maite  |9 600627 
245 1 3 |a El aborto: perspectivas filosófica, jurídica y médica. 
260 0 3 |a Santiago, Chile  |b Universidad de los Andes. Facultad de Derecho  |c 2015 
300 |a 308 páginas. 
490 0 |a Cuadernos de Extensión Jurídica.  |v 27 
583 |a last modification  |c 20160609 22:21:00  |k Rodrigo Vera 
650 0 |a Aborto  |9 256680 
650 7 |a PERSONA NATURAL  |2 CL-VaPUC  |9 578382 
650 0 |a Aspectos médicos   |9 257983 
650 0 |a Derecho positivo  |9 255911 
700 0 |a Bertelsen Simonetti, Soledad  |9 587154 
942 |c BK  |2 ddc 
945 |d 20160609 22:21:00  |a arojas 
952 |0 0  |1 0  |2 ddc  |3 erb  |4 0  |6 364_185000000000000_AGU_2015  |7 0  |8 A  |9 478206  |a BIBDER  |b BIBDER  |i 5292425  |l 1  |o 364.185 AGU 2015  |p 5292425  |r 2023-08-04  |s 2023-08-04  |t 1  |w 2019-11-24  |y BK  |z Catalogado en:20160609  |k DER